000 00703cam a2200217 4500
001 WB3631-44
008 000000n2000 000 0 eng u
035 _a(Sirsi) u107711
245 _aQuarrying threat to Dartmoor
260 _c2000
490 _aIndependent on Sunday
_v6 August 2000, 1(1)
520 _aLoopholes allowing quarry companies to dig up Dartmoor national park using quarrying rights granted more than 50 years ago are being tested by the Teigh Valley Action Group.
590 _aWB
650 _aQUARRYING RIGHTS
650 _aMINERAL EXTRACTION
650 _aEnvironment
_96238
650 _aQUARRIES
650 _aDEVON CC
690 _aMINING AND MINERALS
942 _n0
999 _c64338
_d64338